00693nam a2200193Ia 45000010006000000050017000060080041000230410008000640820018000721000034000902450154001242600009002783000028002876500008003156540008003239420025003319990017003569520126003731137520260306162823.0260306t2024||||xx |||||||||||||| ||spa|| aESP a985.04bCH562 aChocano Mena, Magdalena,eAUT 0aInterpretaciones de la independencia del Perú hacia el primer centenario :bde mediados del siglo XIX a inicios del siglo XX: antología de textos c2024 a289 páginas :c20 cm. aGEN aCHU cLIBdJUSfJUS2ddcn c11375d11375 o985.04 CH562p10825978UCSPt17052bVABaVABcPBAd2026-06-03e1r2026-03-06 21:28:23l0w2026-03-06yLIB102ddc4000